Statistics for Melodrama (Lorde) Songs

Click here to take the quiz!

General Stats

  • This quiz has been taken 247 times
  • The average score is 10 of 11

Answer Stats

Track ListingSong% Correct
1Green Light
100%
2Sober
97%
5Liability
96%
7Sober II (Melodrama)
92%
11Perfect Places
91%
4The Louvre
90%
8Writer in the Dark
90%
3Homemade Dynamite
88%
9Supercut
86%
6Hard Feelings/Loveless
82%
10Liability (Reprise)
79%

Score Distribution

Percentile by Number Answered

Percent of People with Each Score

Your Score History

You have not taken this quiz